000 01340nam a2200349 c 4500
001 4001
003 ES-MaCES
005 20141221121707.0
008 960531s1996 sp ||| | spa d
035 _aCES19980040318m
040 _aES-MaCES
_bspa
_cES-MaCES
100 1 _aMiguel Palacios, Carlos de
_918591
245 1 0 _aEfectos de políticas macroeconómicas en una unión monetaria con distintos grados de rigidez salarial
_cpor Carlos de Miguel Palacios y Simón Sosvilla-Rivero
260 _aMadrid
_bFEDEA, Fundación de Estudios de Economía Aplicada
_c1996
300 _a29 p.
_c21 cm
490 1 _aDocumento de trabajo
_v96-07
504 _aBibliografía: p. 28-29
541 _cGratuito
650 4 _aunión monetaria
_928170
650 4 _apolítica monetaria
_928101
650 4 _aconsecuencias económicas
_927082
650 4 _aestructura de los salarios
_928393
650 4 _apolítica salarial
_928391
650 4 _aanálisis económico
_927070
653 1 0 _aEconomía
700 1 _aSosvilla Rivero, Simón
_924311
710 1 _aFundación de Estudios de Economía Aplicada (Madrid)
_eed.
_93791
830 0 _aDocumento de trabajo (Fundación de Estudios de Economía Aplicada (Madrid))
_v96-07
_932207
902 _aDOC Literatura gris
942 _2CES
_cBK
_h0.0.
999 _c4001
_d4001